000 00425nam a22001697a 4500
005 20250717110955.0
008 250717b |||||||| |||| 00| 0 eng d
020 _a978-93-325-8269-9
100 _aSOMMERVILLE IAN
245 _aSOFTWARE ENGINEERING
250 _a10TH ED.
260 _aNEW DELHI
_bPEARSON
_c2017
300 _a808P.
500 _aINCLUDES AN INDEX
650 _aSOFTWARE ENGINEERING
942 _2lcc
_cBK
999 _c215917
_d215917